Missing Word: 'R' in Every Category Quiz Stats

 Plays Quiz Updated Mar 3, 2018

Challenge
Share
Tweet
Embed
Score 0/15 Timer 02:00
1 Play Today
Hint Missing Word % Correct
It's _____ Cats and DogsRaining
95.5%
_____ the Red-Nosed ReindeerRudolph
94.4%
Baton _____, LouisianaRouge
94%
Bohemian _____Rhapsody
92.9%
Ticket to _____Ride
82.5%
_____ KiplingRudyard
80.8%
_____ ArizonaRaising
77.1%
_____ Letter Bible EditionRed
75.8%
Hint Missing Word % Correct
_____ and HammersteinRodgers
71.6%
All _____ Lead to Sporcle - BadgeRoads
68.6%
_____ SteeleRemington
67.2%
_____ Magnitude ScaleRichter
62.3%
_____ ParksRosa
61%
Cristiano _____Ronaldo
59.9%
Chivas _____Regal
55.8%

Today's Daily Dose

You're not logged in!

Compare scores with friends on all Sporcle quizzes.
Join for Free
OR
Log In

You Might Also Like...

Show Comments

Extras

Top Quizzes Today


Score Distribution

Your Account Isn't Verified!

In order to create a playlist on Sporcle, you need to verify the email address you used during registration. Go to your Sporcle Settings to finish the process.

Report this User

Report this user for behavior that violates our Community Guidelines.

Details: